A Pessoa de Cristo : a duas naturezas do Redentor / Heber Carlos de Campos (Registro nro. 43838)
[ vista simple ]
| 000 -LÍDER | |
|---|---|
| Campo fijo de descripción fija | 013200000a22002170004500 |
| 020 ## - NÚMERO INTERNACIONAL NORMALIZADO PARA LIBROS | |
| Número Internacional Normalizado del libro | ISBN 85-7622-030-X : Donación |
| 041 0# - CÓDIGO DE IDIOMA | |
| Código de idioma para texto/pista de sonido o título separado | |
| 082 04 - NÚMERO DE CLASIFICACIÓN DECIMAL DEWEY | |
| Número de clasificación | G 232.8 C1984p |
| 001 - NÚMERO DE CONTROL | |
| Campo de control | 17172 |
| 100 1# - ASIENTO PRINCIPAL--NOMBRE PERSONAL | |
| Nombre personal | Campos, Heber Carlos de |
| 245 10 - TÍTULO | |
| Título del Material | A Pessoa de Cristo : a duas naturezas do Redentor / Heber Carlos de Campos |
| 260 ## - PUBLICACIÓN, DISTRIBUCIÓN, ETC. (PIE DE IMPRENTA) | |
| Lugar de publicación, distribución, etc. | São Paulo : Cultura Crista |
| 300 ## - DESCRIPCIÓN FÍSICA | |
| Extensión | 544 p. |
| 336 ## - CONTENT TYPE | |
| Content type term | texto |
| Content type code | txt |
| Source | rdacontent |
| 337 ## - MEDIA TYPE | |
| Source | rdamedia |
| Media type term | sin mediación |
| Media type code | n |
| 338 ## - CARRIER TYPE | |
| Source | rdacarrier |
| Carrier type term | volumen |
| Carrier type code | nc |
| 505 00 - NOTA DE CONTENIDO | |
| Nota de contenido con formato preestablecido | El redentor y un Consejo de redención -- El Redentor y el pacto de redención -- La naturaleza divina y humana del Redentor -- La negación del plan divino del redentor en el Ebionismo (Judeocristianismo) -- Evidencias directas de la escritura sobre la divinidad del Redentor -- Evidencias indirectas de sobre la divinidad del Redentor -- Evidencias (teo)lógicas de la divinidad del Redentor -- La negación de la humanidad del Redentor en el Docetismo -- Elementos de la naturaleza humana del Redentor -- Conceptos del nacimiento del Redentor -- Desarrollo de la naturaleza del Redentor -- Limitaciones del Redentor -- Beneficios del conocimiento de la persona del Redentor |
| 650 14 - ASIENTO SECUNDARIO DE MATERIA - TERMINO TEMÁTICO | |
| Término temático o nombre geográfico como elemento de entrada | JESUCRISTO - NATURALEZA \ CRISTOLOGIA \ TEOLOGIA - JESUCRISTO |
| 942 ## - TIPO DE MATERIAL (KOHA) | |
| Tipo de Item KOHA | Libros General |
| Estado de Material | Estado de Perdido | Estado de Dañado | No para Préstamo | Colección | Tomo | Biblioteca de Origen | Biblioteca Permanente | Fecha de Adquisición | Total de Préstamos | Signatura Topográfica | Código de Barras | Última vez visto | Ejemplar/Existencia | Fecha de Remplazo | Tipo de Material |
|---|---|---|---|---|---|---|---|---|---|---|---|---|---|---|---|
| Colección General | Biblioteca FUSBC | Biblioteca FUSBC | 07/04/2011 | G 232.8 C1984p | 17227 | 12/12/2019 | 1 | 26/01/2016 | Libros General |
